000 00298nam a22000977a 4500
008 160418b xxu||||| |||| 00| 0 eng d
100 _aThorsen, Harry D., Jr.
245 _aBoy Scout stamps of the world
260 _aChicago
_bLithographed [by] Redson-Rice,
_c1949
650 _aTopical Collecting | Scouts
999 _c1920
_d1920